晏子

資料類型: Book 圖書   書目號:21292

Leader xxxxxxxxxx
001 __ PCLIS00021292
005 __ 20230317134539.0
010 0_ |a957-9175-46-2|b上卷 : 平裝|dNT$250
010 0_ |a957-9175-47-0|b中卷 : 平裝|dNT$250
010 0_ |a957-9175-48-9|b下卷 : 平裝|dNT$250
100 __ |a19990920d1996    m  y0chiy09      e
101 1_ |achi|cjpn
102 __ |atw
105 __ |ab   z   000ay
200 1_ |a晏子|f宮城谷昌光著|g黃玉燕譯
205 __ |a初版
210 __ |a臺北市|c實學社|d1996(民85)
215 0_ |a3冊|c地圖|d21公分
225 1_ |a小說人物|v19-21
300 __ |a作者號由adm取自譯者黃玉燕,由t561改回
681 __ |a861.57|b8336
681 __ |a861.57|b8333 88 v20
681 __ |a861.57|b8333 88 v.19
681 __ |a861.57|b8333 88 v21
700 _1 |a宮城谷|b昌光|f1945-   |4702 _1 |a|b玉燕|4801 _0 |atw|b內湖高中|c20010622|gCCR
801 _2 |atw|b內湖高中|c20230317|gCCR
  
詳細館藏 1-3 筆 (共 3 筆)
索 書 號登 錄 號冊次號館別 / 館藏地流通類型狀態加入預約清單電子資源
861.57 / 8336 1010858 v.1 圖書館 / 一樓普通區 可外借30天 在館   
861.57 / 8336 1010859 v.2 圖書館 / 一樓普通區 可外借30天 在館   
861.57 / 8336 1010860 v.3 圖書館 / 一樓普通區 可外借30天 在館   

| 條列資料




目錄查詢 分類查詢 個人資料 圖書薦購 新書查詢 閉館日 排行榜 更多電子資源 Hami書城 線上資料庫 登出

From : 216.73.216.116

  本日流通累計至 09:58:56 借閱 : 3 次 續借 : 0 次 歸還 : 7 次 預約 : 0 次 電子資源 : 0 次


內湖高中圖書館  PCLIS 版本  25.5.0.2